000 01143nam a2200253 a 4500
005 20210223120424.0
008 991125s1980 mx 000 0 spa u
035 _aUPN01000000801
049 _aSEP
050 4 _aZ678
_bG6.2
100 1 _aGordillo Gordillo, Roberto Antonio
245 1 3 _aLa administración bibliotecaria /
_cRoberto Gordillo.
260 _aAguascalientes :
_bANUIES :
_bSEP,
_c1980.
300 _a26, 9 h.
500 _a"Seminario nacional sobre planeación y administración de la educación superior"
500 _a"Universidad Autónoma de Aguascalientes"
500 _a"Plan Nacional de Educación Superior"
501 _aCon: Normas para el servicio bibliotecario en instituciones de enseñanza superior y de investigación / Asociación de Bibliotecarios de Instituciones de Enseñanza Superior y de Investigación
520 _aFotocopia
650 4 _aBIBLIOTECAS UNIVERSITARIAS -
_zMEXICO -
_xADMINISTRACION
_93069
610 2 4 _aPLAN NACIONAL DE EDUCACION SUPERIOR (MEXICO)
_924129
740 0 _aNormas para el servicio bibliotecario en instituciones de enseñanza superior y de investigación
905 _aLibro
999 _c801
_d801